Combined assessment program review of the VA North Texas health care system, Dallas, Texas.

Bibliographic Details
Corporate Author: United States. Department of Veterans Affairs. Office of Healthcare Inspections
Format: Government Document eBook
Language:English
Published: Washington, DC : U.S. Dept. of Veterans Affairs, Office of Inspector General, Office of Healthcare Inspections, [2011]
Subjects:
Online Access:https://purl.fdlp.gov/GPO/gpo20389

MARC

Tag First Indicator Second Indicator Subfields
LEADER 00000cam a2200000 a 4500
001 in00002744813
005 20211120164358.0
006 m d f
007 cr mn|||||||||
008 120320s2011 dcua ob f000 0 eng c
035 |a (OCoLC)ocn780621497 
040 |a GPO  |c GPO  |d MvI  |d UtOrBLW 
042 |a pcc 
043 |a n-us-tx 
049 |a WWW 
074 |a 0985-O (online) 
086 0 |a VA 1.118:10-02983-55 
110 1 |a United States.  |b Department of Veterans Affairs.  |b Office of Healthcare Inspections. 
245 1 0 |a Combined assessment program review of the VA North Texas health care system, Dallas, Texas. 
264 1 |a Washington, DC :  |b U.S. Dept. of Veterans Affairs, Office of Inspector General, Office of Healthcare Inspections,  |c [2011] 
300 |a 1 online resource (i, 22 pages) :  |b illustrations 
336 |a text  |b txt  |2 rdacontent 
337 |a computer  |b c  |2 rdamedia 
338 |a online resource  |b cr  |2 rdacarrier 
500 |a Title from title screen (viewed on March 20, 2012). 
500 |a "January 12, 2011." 
504 |a Includes bibliographical references. 
500 |a "Report Number 10-02983-55." 
500 |a Electronic resource. 
610 2 0 |a North Texas Health Care System (U.S.) 
650 0 |a Veterans' hospitals  |z Texas  |z Dallas  |x Evaluation. 
650 0 |a Veterans  |x Medical care  |z Texas  |z Dallas  |x Evaluation. 
856 4 0 |u https://purl.fdlp.gov/GPO/gpo20389  |t 0 
999 |a MARS 
999 f f |s eea3a7c6-a260-3195-afa5-36ad99590aa4  |i 24f1d92b-50d5-33d6-b885-12715fe66825  |t 0 
952 f f |a Texas A&M University  |b College Station  |c Electronic Resources  |d Available Online  |t 0  |e VA 1.118:10-02983-55  |h Superintendent of Documents classification 
998 f f |a VA 1.118:10-02983-55  |t 0  |l Available Online